000 00961nam a22001817a 4500
003 JO-AjAnu
005 20240402110854.0
008 240326b jo ||||| |||| 00| 0 ara d
040 _aJO-AjAnu
_cANU
041 _hara
100 1 _aفريق عمل مشروع واقع تعليم اللغة العربية للناطقين بغيرها
_965259
_eمعد
245 _aواقع تعليم اللغة العربية للناطقين بغيرها في المملكة الأردنية الهاشمية /
_cاعداد فريق عمل مشروع اللغة العربية للناطقين بغيرها
260 _aعمان :
_b اللجنةالوطنية الاردنية للنهوض باللغة العربية،
_c2019
300 _a310 صفحه
500 _aيحتوي هذا الكتاب على جداول توضيحية
650 7 _vاللغة العربية لغير الناطقين بها-التعليم العالي-الأردن
942 _2lcc
_cBK
_n0
999 _c33364
_d33364